Statistiques concernant QCM Charlemagne.

Cliquez ici pour prendre le quiz!

Statistiques générales

  • Ce quiz a été pris 202 fois
  • Le résultat moyen est 10 sur 15

Statistiques - réponses

QuestionRéponse% Correct
À quelle dynastie Charlemagne appartient-t-il?Carolingiens
96%
Dans quelle ville Charlemagne établit-il sa capitale?Aix-la-Chapelle
89%
Qui sont ses parents?Pépin le Bref et Bertrade de Laon
89%
À quel neveu de Charlemagne est dédiée une chanson de geste médiévale contant sa fin tragique dans le col de Roncevaux?Roland
84%
En quelle année est-il sacré Empereur d'Occident?800
81%
En quel année mourut Charlemagne?814
72%
Par quels envoyés Charlemagne surveille-t-il les seigneurs locaux de son empire?Missi dominici
70%
Qui lui succèdera?Son/ses fils
65%
Avec qui corègne-t-il durant les premières années de son règne?Son frère
58%
Quel traité partagera son empire entre ses trois petits-fils?Traité de Verdun
56%
Contre quel peuple barbare Charlemagne défendit-il le pape?Lombards
53%
Quel rôle exerce alors son père?Roi des Francs
52%
Dans quelles années nait Charlemagne?740
45%
En quelle année est-il sacré roi?768
44%
Avec quel Calife de Bagdad Charlemagne s'est-il allié?Hârûn ar-Rachîd
39%

Distribution des résultats

Percentile par nombre de réponses

% des personnes avec chaque résultat

Votre développement - résultats

Vous n’avez pas pris ce quiz